[Event "Bad Woerishofen Seniors op 32nd"]
[Site "Bad Woerishofen"]
[Date "2016.03.02"]
[Round "6"]
[White "Schweitzer, Paul"]
[Black "Haakert, Karl"]
[Result "1/2-1/2"]
[WhiteElo "1652"]
[BlackElo "1855"]
[PlyCount "45"]
[EventDate "2016.02.26"]
[EventType "swiss"]
[EventRounds "9"]
[EventCountry "GER"]
[SourceTitle "EXT 2019"]
[Source "ChessBase"]
[SourceDate "2018.10.10"]
[SourceVersion "1"]
[SourceVersionDate "2018.10.10"]
[SourceQuality "1"]

1. Nf3 d5 2. d4 Nf6 3. c3 Bf5 4. Nbd2 e6 5. e3 Bd6 6. Qa4+ c6 7. Be2 Nbd7 8. Qb3 Qb6 9. Qd1 0-0 10. Nh4 Rfe8 11. g4 Bg6 12. Nxg6 hxg6 13. Qc2 e5 14. g5 Nh5 15. Bxh5 gxh5 16. Qb3 exd4 17. Qxb6 axb6 18. cxd4 Nf8 19. Kf1 g6 20. a4 Ne6 21. h4 Ng7 22. b3 b5 23. Bb2 1/2-1/2

[Event "Bad Woerishofen Seniors op 32nd"]
[Site "Bad Woerishofen"]
[Date "2016.02.26"]
[Round "1"]
[White "Braun, Erhard"]
[Black "Schweitzer, Paul"]
[Result "1-0"]
[WhiteElo "1932"]
[BlackElo "1652"]
[PlyCount "41"]
[EventDate "2016.02.26"]
[EventType "swiss"]
[EventRounds "9"]
[EventCountry "GER"]
[SourceTitle "EXT 2019"]
[Source "ChessBase"]
[SourceDate "2018.10.10"]
[SourceVersion "1"]
[SourceVersionDate "2018.10.10"]
[SourceQuality "1"]

1. e4 b6 2. d4 Bb7 3. d5 g6 4. c4 c5 5. Nc3 d6 6. Bd3 Bg7 7. f4 e5 8. Nf3 Nd7 9. 0-0 exf4 10. Bxf4 Ne5 11. Qd2 a6 12. h3 f6 13. Rad1 h5 14. Qf2 Qc7 15. a3 g5 16. Bxe5 dxe5 17. Bc2 0-0-0 18. Na4 Rd6 19. b4 g4 20. Nh4 gxh3 21. Nf5 1-0

[Event "Tarragona Province-ch B"]
[Site "Tarragona"]
[Date "2015.11.01"]
[Round "5.2"]
[White "Schweitzer, Paul"]
[Black "Gracia Train, Carles"]
[Result "0-1"]
[WhiteElo "1844"]
[BlackElo "1859"]
[PlyCount "92"]
[EventDate "2015.09.27"]
[EventType "swiss"]
[EventRounds "9"]
[EventCountry "ESP"]
[SourceTitle "EXT 2024"]
[Source "ChessBase"]
[SourceDate "2023.10.10"]
[SourceVersion "1"]
[SourceVersionDate "2023.10.10"]
[SourceQuality "1"]

1. Nf3 d5 2. d4 Nf6 3. Nbd2 g6 4. a4 Bg7 5. e3 0-0 6. Be2 Nbd7 7. h4 c5 8. Ne5 Nxe5 9. dxe5 Ne4 10. Bf3 Nxd2 11. Qxd2 h5 12. a5 Be6 13. a6 bxa6 14. c4 Qc8 15. cxd5 Bg4 16. e4 Bxe5 17. Qg5 Bd4 18. Bxg4 Qxg4 19. Qxg4 hxg4 20. Rxa6 Rfb8 21. h5 Bxb2 22. Bd2 Bc3 23. Ke2 Rb2 24. Rd1 gxh5 25. Kd3 Rxd2+ 26. Rxd2 Bxd2 27. Kxd2 f6 28. Rc6 h4 29. Ke2 a5 30. Rxc5 a4 31. Rc1 a3 32. Ke3 a2 33. Ra1 h3 34. gxh3 Ra3+ 35. Kf4 gxh3 36. Kf5 Kf7 37. d6 exd6 38. f4 h2 39. Rc1 Ra5+ 40. e5 dxe5 41. Rc7+ Ke8 42. Kxf6 a1Q 43. Re7+ Kd8 44. Rh7 e4+ 45. Ke6 Qa2+ 46. Kd6 Qd5# 0-1

[Event "Merano Gold Cup 41st"]
[Site "Merano"]
[Date "2013.04.??"]
[Round "3"]
[White "Bohnstorff, Michael"]
[Black "Schweitzer, Paul"]
[Result "1-0"]
[WhiteElo "2057"]
[BlackElo "1724"]
[PlyCount "49"]
[EventDate "2013.04.19"]
[EventType "swiss"]
[EventRounds "9"]
[EventCountry "ITA"]
[SourceTitle "EXT 2015"]
[Source "ChessBase"]
[SourceDate "2014.11.20"]
[SourceVersion "1"]
[SourceVersionDate "2014.11.20"]
[SourceQuality "1"]

1. d4 d5 2. Nf3 g6 3. Bf4 a6 4. e3 c6 5. c4 e6 6. Nc3 Bb4 7. Qb3 Bxc3+ 8. Qxc3 Nd7 9. Bd3 f6 10. 0-0 g5 11. Bg3 Ne7 12. c5 b5 13. Bd6 a5 14. Qc2 Nf8 15. e4 Nfg6 16. exd5 exd5 17. Rae1 Kf7 18. h4 g4 19. h5 gxf3 20. hxg6+ Nxg6 21. Bxg6+ hxg6 22. Re7+ Qxe7 23. Bxe7 Kxe7 24. Qxg6 Be6 25. Qg7+ 1-0

[Event "Bad Bertrich op 17th"]
[Site "Bad Bertrich"]
[Date "2009.12.10"]
[Round "7"]
[White "Schweitzer, Paul"]
[Black "Dahlhaus, Friedhelm"]
[Result "0-1"]
[WhiteElo "1648"]
[BlackElo "2021"]
[PlyCount "102"]
[EventDate "2009.12.04"]
[EventType "swiss"]
[EventRounds "9"]
[EventCountry "GER"]
[SourceTitle "CBM 134 Extra"]
[Source "ChessBase"]
[SourceDate "2010.03.03"]
[SourceVersion "1"]
[SourceVersionDate "2010.03.03"]
[SourceQuality "1"]

1. Nf3 Nf6 2. b3 g6 3. Bb2 Bg7 4. e4 d6 5. d3 0-0 6. Nbd2 c5 7. Be2 Nc6 8. a3 b6 9. Ra2 Bb7 10. h4 e5 11. c3 d5 12. Ng5 h6 13. exd5 Nxd5 14. Nge4 Nf4 15. Nf3 Ba6 16. c4 f5 17. Ng3 Nxg2+ 18. Kf1 Nf4 19. Ba1 Bb7 20. Rh2 Qd7 21. Rd2 Rad8 22. b4 cxb4 23. axb4 Rfe8 24. c5 Nxe2 25. Kxe2 Nxb4 26. Qb3+ Qd5 27. Qxd5+ Nxd5 28. Kf1 bxc5 29. h5 Nf4 30. Ne1 e4 31. hxg6 Bxa1 32. Nxf5 Bg7 33. Rh4 Nxg6 34. Rg4 Kh7 35. Ra2 a6 36. dxe4 Rxe4 37. Rxe4 Bxe4 38. Nxg7 Kxg7 39. Rxa6 Nf4 40. Ra7+ Kf6 41. f3 Bd3+ 42. Kf2 c4 43. Ra6+ Kg5 44. Ra5+ Rd5 45. Ra8 c3 46. Rg8+ Bg6 47. Kg3 Rd1 48. Kf2 Rd2+ 49. Kf1 Nh3 50. f4+ Kh5 51. Rc8 Rf2# 0-1

[Event "Berlin Lichtenberger op 8th"]
[Site "Berlin"]
[Date "2009.08.19"]
[Round "5"]
[White "Schweitzer, Paul"]
[Black "Muskewitz, Bernd"]
[Result "0-1"]
[WhiteElo "1794"]
[BlackElo "2004"]
[PlyCount "71"]
[EventDate "2009.08.15"]
[EventType "swiss"]
[EventRounds "9"]
[EventCountry "GER"]
[SourceTitle "CBM 131 Extra"]
[Source "ChessBase"]
[SourceDate "2009.09.03"]
[SourceVersion "2"]
[SourceVersionDate "2009.09.16"]
[SourceQuality "1"]

1. d4 d5 2. Nf3 c5 3. c3 Nc6 4. e3 e6 5. Nbd2 Nf6 6. Be2 b6 7. a3 a5 8. Ne5 Nxe5 9. dxe5 Nd7 10. f4 Be7 11. 0-0 0-0 12. Bg4 Ba6 13. Rf3 Bd3 14. Rh3 c4 15. Nf3 Nc5 16. Nd4 Qc7 17. a4 Qd7 18. Bd2 f6 19. Be2 fxe5 20. Bxd3 Nxd3 21. Nf3 exf4 22. exf4 Bc5+ 23. Nd4 Nxf4 24. Bxf4 Rxf4 25. Qh5 g6 26. Rg3 Qg7 27. Qe2 Re4 28. Qc2 e5 29. Rf1 exd4 30. cxd4 Bxd4+ 31. Kh1 Rf8 32. Rgf3 Rxf3 33. gxf3 Qf6 34. b3 Re3 35. Qf2 Rxb3 36. f4 0-1

[Event "Merano Cup Gold 37th"]
[Site "Merano"]
[Date "2009.04.19"]
[Round "3"]
[White "Maissenbacher, Werner"]
[Black "Schweitzer, Paul"]
[Result "1-0"]
[WhiteElo "1919"]
[BlackElo "1794"]
[PlyCount "85"]
[EventDate "2009.04.17"]
[EventType "swiss"]
[EventRounds "9"]
[EventCountry "ITA"]
[SourceTitle "CBM 130 Extra"]
[Source "ChessBase"]
[SourceDate "2009.07.02"]
[SourceVersion "2"]
[SourceVersionDate "2009.07.15"]
[SourceQuality "1"]

1. e4 c6 2. d4 e5 3. dxe5 Qa5+ 4. Nc3 Qxe5 5. Nf3 Qc7 6. Bc4 h6 7. Qd4 f6 8. e5 Qb6 9. Qe4 Ne7 10. 0-0 f5 11. Qh4 Qa5 12. Bd2 Qd8 13. Rad1 b5 14. Bxb5 Ba6 15. Bxa6 Nxa6 16. e6 d6 17. Bf4 d5 18. Ne5 Qa5 19. Nf7 Ng6 20. Qg3 Nxf4 21. Qxf4 g5 22. Qxf5 Qb4 23. Nxh8 Qe7 24. Qg6+ Kd8 25. Ne4 Kc7 26. Nf7 Kb6 27. Ned6 Nc5 28. Rfe1 g4 29. Qxg4 a5 30. b4 Nb7 31. bxa5+ Kc7 32. Nxb7 Kxb7 33. Rb1+ Kc7 34. Qf4+ Kc8 35. Qa4 Kc7 36. Rb6 Qc5 37. Reb1 Qc3 38. a6 d4 39. Rb7+ Kc8 40. e7 Bxe7 41. Rxe7 h5 42. a7 d3 43. Qa6# 1-0

[Event "Seville op 34th"]
[Site "Seville"]
[Date "2009.01.23"]
[Round "1"]
[White "Schweitzer, Paul"]
[Black "Ivanov, Jordan"]
[Result "0-1"]
[WhiteElo "1806"]
[BlackElo "2436"]
[PlyCount "70"]
[EventDate "2009.01.23"]
[EventType "swiss"]
[EventRounds "9"]
[EventCountry "ESP"]
[SourceTitle "CBM 128 Extra"]
[Source "ChessBase"]
[SourceDate "2009.03.05"]
[SourceVersion "2"]
[SourceVersionDate "2009.03.25"]
[SourceQuality "1"]

1. d4 Nf6 2. Nf3 d6 3. e3 Nbd7 4. Nbd2 e5 5. dxe5 dxe5 6. Bc4 Bd6 7. c3 0-0 8. Qc2 Qe7 9. h4 e4 10. Ng5 Nb6 11. Bb3 Bf5 12. a3 h6 13. Nh3 Ng4 14. c4 Qxh4 15. Nf1 Ne5 16. Ng3 Nd3+ 17. Qxd3 exd3 18. Nxf5 Qg4 19. Nxh6+ gxh6 20. Bd1 Qxc4 21. Bd2 Rae8 22. b4 Nd5 23. 0-0 Be5 24. Rb1 Qa2 25. Bb3 Qxd2 26. Bxd5 Qc3 27. f4 Bd4 28. Rb3 Bxe3+ 29. Kh1 Qc2 30. Rf3 c6 31. Rg3+ Kh7 32. b5 cxd5 33. Rb4 d2 34. Ng5+ hxg5 35. fxg5 d1Q+ 0-1